[Event "40th World Junior Girls"]
[Site "Gandhinagar IND"]
[Date "2024.06.07"]
[Round "6.27"]
[White "Marium, Fatima"]
[Black "Advika Sarupria"]
[Result "0-1"]
[WhiteElo "1905"]
[BlackElo "1587"]
[WhiteFideId "45073058"]
[BlackFideId "25968858"]
[EventDate "2024.06.02"]

1. d4 d5 2. Nf3 Nf6 3. g3 Bf5 4. Bg2 e6 5. O-O c6 6. c4 Nbd7 7. c5 b6 8. cxb6
axb6 9. Bf4 Be7 10. Nc3 O-O 11. Nd2 b5 12. e4 dxe4 13. Ndxe4 Qb6 14. a3 Rfd8 15.
Be3 Nd5 16. b4 Qa7 17. Qe2 N7b6 18. Nxd5 exd5 19. Nc5 Nc4 20. h4 Bxc5 21. dxc5
Re8 22. Qf3 Be4 23. Qf4 Bxg2 24. Kxg2 Re4 25. Qf3 Nxe3+ 26. fxe3 Qe7 27. Kf2 Re8
28. Rae1 d4 29. Kg2 dxe3 30. Re2 Qd7 31. Rfe1 Qd3 32. Qf5 g6 33. Qf3 Qxa3 34. h5
Qxb4 35. hxg6 fxg6 36. Rf1 R4e7 37. Qxc6 Qe4+ 38. Qxe4 Rxe4 39. Rb1 Rb8 40. Kf3
Rc4 41. Rxe3 Rxc5 42. Re4 Rf5+ 43. Kg4 Rf7 44. Rbb4 Rc7 45. Kh3 Rc5 46. Rb1 Rc6
47. Rbb4 Kf7 48. Re5 Rcb6 49. Rf4+ Rf6 50. Rb4 Rf5 51. Re3 Kf6 52. Reb3 Ke6 53.
Ra3 Kd6 54. Ra7 Kc5 55. Rb1 b4 56. Rc7+ Kb5 57. Rxh7 Rh5+ 58. Rxh5+ gxh5 59. Kh4
Rh8 60. Rf1 b3 61. Rf7 Kb4 62. Rb7+ Kc3 63. Rc7+ Kd2 64. Rb7 Kc2 65. Rc7+ Kb1
66. Rb7 b2 67. Rb5 Rg8 68. Rxh5 Rb8 69. Rf5 Kc2 70. Rf1 b1=Q 71. Rxb1 Rxb1 72.
g4 Kd3 73. Kg5 Rg1 74. Kf5 Kd4 75. g5 Kd5 76. Kf6 Kd6 77. g6 Rf1+ 78. Kg7 Ke6
79. Kh7 Kf6 80. g7 Rh1+ 81. Kg8 Rg1 82. Kh8 Kf7 83. Kh7 Rxg7+ 84. Kh8 Rg1 0-1

[Event "40th World Junior Girls"]
[Site "Gandhinagar IND"]
[Date "2024.06.07"]
[Round "6.28"]
[White "Shivamshika G"]
[Black "Kanishka S"]
[Result "1/2-1/2"]
[WhiteElo "1846"]
[BlackElo "1882"]
[WhiteFideId "33384959"]
[BlackFideId "25731564"]
[EventDate "2024.06.02"]

1. d4 Nf6 2. c4 c5 3. d5 e6 4. Nc3 exd5 5. cxd5 d6 6. e4 g6 7. f4 Bg7 8. Bb5+
Nfd7 9. Nf3 a6 10. Bd3 b5 11. O-O O-O 12. Re1 Re8 13. Kh1 Bb7 14. a4 c4 15. Bf1
Nc5 16. axb5 axb5 17. Rxa8 Bxa8 18. e5 dxe5 19. fxe5 b4 20. Nb5 Bxd5 21. Nd6 Be6
22. Bg5 Qd7 23. Nxe8 Qxe8 24. Qc2 c3 25. bxc3 b3 26. Qf2 Nbd7 27. Bf6 Bxf6 28.
exf6 Qd8 29. Ng5 Qxf6 30. Qxf6 Nxf6 31. Nxe6 fxe6 32. Bc4 Kf7 33. Rb1 Nfe4 34.
Rb2 Nxc3 35. Bxb3 Nxb3 36. Rxb3 Nd5 37. Rb7+ Ne7 38. Kg1 Kf6 39. Kf2 h5 40. Kf3
Nf5 41. Rb6 Nh6 42. Rb8 Nf7 43. h3 g5 44. Rf8 Kg7 45. Re8 Kf6 46. Rf8 Kg7 47.
Re8 Kf6 48. Rg8 Ne5+ 49. Ke4 Ng6 1/2-1/2

[Event "40th World Junior Girls"]
[Site "Gandhinagar IND"]
[Date "2024.06.07"]
[Round "6.29"]
[White "Divyabharathi, Masanam"]
[Black "Anupam, M Sreekumar"]
[Result "0-1"]
[BlackTitle "WCM"]
[WhiteElo "1821"]
[BlackElo "1872"]
[WhiteFideId "45018421"]
[BlackFideId "45033501"]
[EventDate "2024.06.02"]

1. e4 e5 2. Nf3 Nc6 3. Bc4 Nf6 4. d3 h6 5. O-O d6 6. c3 g5 7. Re1 Bg7 8. Bb3 O-O
9. Nfd2 Ne7 10. d4 Ng6 11. g3 Nh7 12. Nc4 Qf6 13. Ne3 exd4 14. Nd5 Qd8 15. cxd4
c6 16. Ne3 Qf6 17. Nc2 g4 18. Nc3 Kh8 19. Ne2 c5 20. Be3 Ng5 21. Bxg5 Qxg5 22.
Qc1 Qxc1 23. Raxc1 f5 24. Bd5 h5 25. b4 Bh6 26. Rcd1 cxb4 27. Nxb4 Bd7 28. Rb1
Rae8 29. Nc2 b6 30. Ne3 fxe4 31. Nc3 Ne7 32. Bxe4 Rc8 33. Nb5 Rf6 34. Nxa7 Rcf8
35. Rb2 Re6 36. Bg2 Nf5 37. Bd5 Re7 38. Nc2 Rxe1+ 39. Nxe1 Nxd4 40. Rxb6 Bd2 41.
Ng2 Bf5 42. Nh4 Bd3 43. Rb7 Re8 44. h3 Re1+ 45. Kh2 Re2 46. Rf7 Nf3+ 47. Nxf3
Rxf2+ 48. Kg1 Be3 49. Rf8+ Kg7 50. Rf7+ Kh6 51. hxg4 Rxf3+ 52. Kg2 Rxf7 53. Bxf7
Bxa7 54. gxh5 Be2 55. Kh3 Bxh5 56. Be6 Be2 57. Kh4 Kg6 58. Bg8 Bd4 59. Bd5 Bf6+
60. Kh3 Kf5 61. a4 Bf1+ 62. Kh2 Bd4 63. Bb7 Kg4 64. a5 Bc4 65. a6 Kg5 66. Kg2
Be2 67. Bc8 Bc5 68. Kh3 Bf1+ 69. Kh2 d5 70. g4 d4 71. Kg1 Be2 72. Kf2 Bxg4 73.
Bxg4 Kxg4 74. Ke2 Kf4 75. Kd3 Ba7 76. Kd2 Ke4 77. Ke2 d3+ 78. Kd1 Ke3 79. Ke1
Bb6 80. Kd1 d2 0-1

[Event "40th World Junior Girls"]
[Site "Gandhinagar IND"]
[Date "2024.06.07"]
[Round "6.30"]
[White "Padmini S"]
[Black "Drishtee Ghosh"]
[Result "1-0"]
[WhiteElo "1872"]
[BlackElo "1700"]
[WhiteFideId "25782738"]
[BlackFideId "25164074"]
[EventDate "2024.06.02"]

1. e4 c5 2. f4 Nc6 3. Nf3 g6 4. Nc3 Bg7 5. Bc4 d6 6. d3 e6 7. O-O Nge7 8. Bd2
O-O 9. Qe1 d5 10. Bb3 dxe4 11. dxe4 Na5 12. Rd1 c4 13. Be3 Qe8 14. Ba4 Bxc3 15.
Qxc3 Qxa4 16. Qf6 Nac6 17. f5 g5 18. Qxg5+ Kh8 19. Qf6+ Kg8 20. Bh6 1-0

[Event "40th World Junior Girls"]
[Site "Gandhinagar IND"]
[Date "2024.06.07"]
[Round "6.31"]
[White "Kirtadze, Anastasia"]
[Black "Anushka Gupta"]
[Result "1-0"]
[WhiteTitle "WFM"]
[WhiteElo "2142"]
[BlackElo "1766"]
[WhiteFideId "13622714"]
[BlackFideId "25660802"]
[EventDate "2024.06.02"]

1. e4 c5 2. Nf3 d6 3. d4 cxd4 4. Nxd4 Nf6 5. Nc3 a6 6. h3 e5 7. Nb3 Be7 8. Be3
Be6 9. Qf3 Qc7 10. g4 b5 11. Bd3 Nc6 12. a3 Rc8 13. O-O O-O 14. g5 Nd7 15. Nd5
Bxd5 16. exd5 Nd8 17. a4 b4 18. Bxa6 Ra8 19. Bd3 f5 20. gxf6 Nxf6 21. Qg2 Nh5
22. Kh1 Nf4 23. Bxf4 Rxf4 24. Nc1 Qd7 25. Ne2 Rh4 26. Kh2 g6 27. Ng3 1-0

[Event "40th World Junior Girls"]
[Site "Gandhinagar IND"]
[Date "2024.06.07"]
[Round "6.32"]
[White "Barwinska, Ewa"]
[Black "Saniya Rafique Tadavi"]
[Result "1-0"]
[WhiteTitle "WFM"]
[WhiteElo "2106"]
[BlackElo "1754"]
[WhiteFideId "21833761"]
[BlackFideId "25912461"]
[EventDate "2024.06.02"]

1. e4 c5 2. Nf3 d6 3. Bb5+ Bd7 4. Bxd7+ Qxd7 5. O-O Nc6 6. c3 Nf6 7. Re1 e6 8.
d4 cxd4 9. cxd4 d5 10. e5 Ne4 11. Re3 Be7 12. Nc3 Nxc3 13. Rxc3 O-O 14. h4 Rfc8
15. Bf4 h6 16. h5 Na5 17. Rd3 Qb5 18. b3 Rc7 19. Nh2 Rac8 20. Rg3 Rc3 21. Be3
Kh8 22. Qg4 Bf8 23. Nf3 Rxe3 24. fxe3 Qe2 25. Nh4 Qxg4 26. Rxg4 Rc3 27. Rf1 Kg8
28. e4 dxe4 29. Rxe4 Nc6 30. Nf3 Nb4 31. Rf2 Be7 32. Ree2 Kh7 33. Nd2 Kg8 34.
Ne4 Rc1+ 35. Rf1 Rc6 36. Ref2 Bd8 37. Rxf7 Bb6 38. Nd6 Bxd4+ 39. Kh1 Nd3 40.
Rf8+ Kh7 41. Nf7 g6 42. Ng5+ hxg5 43. R1f7+ Kh6 44. Rh8# 1-0

[Event "40th World Junior Girls"]
[Site "Gandhinagar IND"]
[Date "2024.06.07"]
[Round "6.33"]
[White "Sulyok, Eszter"]
[Black "Aswinika Mani R"]
[Result "1-0"]
[WhiteElo "2100"]
[BlackElo "1751"]
[WhiteFideId "769762"]
[BlackFideId "25611518"]
[EventDate "2024.06.02"]

1. c4 c6 2. d4 d5 3. cxd5 cxd5 4. Nc3 Nf6 5. Bf4 a6 6. e3 Bf5 7. Nf3 e6 8. Ne5
Nbd7 9. Be2 Be7 10. g4 Be4 11. f3 Bg6 12. h4 h6 13. Nxg6 fxg6 14. Qc2 Kf7 15.
Bd3 Nf8 16. O-O-O b5 17. Kb1 b4 18. Na4 Rc8 19. Qb3 Qa5 20. Rc1 N8d7 21. h5 gxh5
22. gxh5 Rxc1+ 23. Rxc1 Qd8 24. Bg6+ Kg8 25. Rc7 e5 26. dxe5 Qxc7 27. exf6 Qc6
28. fxe7 Nf6 29. Nb6 Qb5 30. Nxd5 Qf1+ 31. Kc2 Qe2+ 32. Kc1 Qf1+ 33. Qd1 Qc4+
34. Kb1 Ne8 35. Bxe8 g5 36. Bg6 Kg7 37. Be5+ 1-0

[Event "40th World Junior Girls"]
[Site "Gandhinagar IND"]
[Date "2024.06.07"]
[Round "6.34"]
[White "Khairmode Dhanashree"]
[Black "Deepak, Laksshana"]
[Result "1-0"]
[BlackTitle "WCM"]
[WhiteElo "1929"]
[BlackElo "1727"]
[WhiteFideId "25762184"]
[BlackFideId "25980548"]
[EventDate "2024.06.02"]

1. e4 c6 2. d4 d5 3. e5 Bf5 4. Nf3 e6 5. Be2 Nd7 6. O-O h6 7. c4 Ne7 8. b3 Nc8
9. Nc3 Be7 10. Be3 O-O 11. Qd2 f6 12. exf6 Nxf6 13. c5 a5 14. a3 b5 15. b4 Qc7
16. Bf4 Qb7 17. h3 a4 18. Rae1 Re8 19. Bd3 Bxd3 20. Qxd3 Bf8 21. Re2 Ra6 22.
Rfe1 Qd7 23. Ne5 Qa7 24. Qg6 Ne7 25. Qf7+ Kh7 26. Qxe6 Qb7 27. Ng4 Nxg4 28. Qxg4
Rd8 29. Bd6 Ng6 30. Re6 Qf7 31. Bg3 Rda8 32. R1e3 Nh8 33. Rf3 Qg8 34. h4 g6 35.
h5 gxh5 36. Qf5+ Ng6 37. Ne2 R8a7 38. Nf4 Rg7 39. Nxh5 1-0

[Event "40th World Junior Girls"]
[Site "Gandhinagar IND"]
[Date "2024.06.07"]
[Round "6.35"]
[White "Singgih, Diajeng Theresa"]
[Black "Natura, Bethi"]
[Result "1-0"]
[WhiteTitle "WIM"]
[WhiteElo "1918"]
[BlackElo "1697"]
[WhiteFideId "7104391"]
[BlackFideId "25048864"]
[EventDate "2024.06.02"]

1. e4 e6 2. d4 d5 3. e5 c5 4. c3 Nc6 5. Nf3 Qb6 6. a3 Nh6 7. Bd3 cxd4 8. cxd4
Nf5 9. Bxf5 exf5 10. Nc3 Be6 11. O-O a5 12. Qd3 Be7 13. Nb5 O-O 14. Bg5 Bd7 15.
Bxe7 Nxe7 16. Nd6 Nc8 17. Nxf5 Bb5 18. Qe3 Bxf1 19. Rxf1 h6 20. N3h4 g5 21. Nf3
Qe6 22. Ng3 Qg6 23. Qb3 Nb6 24. h4 a4 25. Qd1 Rac8 26. hxg5 hxg5 27. Nh2 Rc2 28.
f4 Rfc8 29. f5 Qh6 30. f6 Kf8 31. Nf5 Qh7 32. Qg4 Rc1 33. Qxg5 Rxf1+ 34. Nxf1
Rc2 35. Qg7+ Qxg7 36. fxg7+ Kg8 37. N1e3 Rc6 38. Kf2 Rg6 39. Ne7+ Kxg7 40. Nxg6
Kxg6 41. Ke2 Kg5 42. g3 Nc4 43. Nxc4 dxc4 44. d5 Kf5 45. d6 Ke6 46. g4 b5 47.
Kd2 Kd7 48. g5 Kc6 49. Kc3 Kd7 50. Kb4 Kc6 51. Ka5 1-0

[Event "40th World Junior Girls"]
[Site "Gandhinagar IND"]
[Date "2024.06.07"]
[Round "6.36"]
[White "Aditri Shome"]
[Black "Jesumarian, Rebecca"]
[Result "0-1"]
[WhiteElo "1620"]
[BlackElo "1866"]
[WhiteFideId "25164198"]
[BlackFideId "35094831"]
[EventDate "2024.06.02"]

1. d4 Nf6 2. c4 g6 3. Nc3 Bg7 4. e4 d6 5. Nf3 O-O 6. h3 e5 7. d5 a5 8. Bg5 h6 9.
Be3 Na6 10. g4 h5 11. g5 Nh7 12. Bd3 Nc5 13. Bc2 Bd7 14. Qe2 f6 15. gxf6 Qxf6
16. Nd2 Ng5 17. Bxg5 Qxg5 18. O-O-O Kh7 19. Rdg1 Qf4 20. Rg2 Rf6 21. f3 Bh6 22.
Bd1 Raf8 23. Kc2 Qh4 24. Qf2 Rf4 25. Qg3 Qxg3 26. Rxg3 Rh4 27. Nb5 Bf4 28. Rgg1
Rc8 29. Na7 Rf8 30. Nb5 Na6 31. Be2 Rxh3 32. Rxh3 Bxh3 33. Rh1 Bd7 34. Nb3 a4
35. Nc1 Bxc1 36. Kxc1 Kh6 0-1

[Event "40th World Junior Girls"]
[Site "Gandhinagar IND"]
[Date "2024.06.07"]
[Round "6.37"]
[White "Bhat Sannidhi Ramakrishna"]
[Black "Disha U A"]
[Result "1-0"]
[WhiteElo "1842"]
[BlackElo "1660"]
[WhiteFideId "25792695"]
[BlackFideId "25915622"]
[EventDate "2024.06.02"]

1. d4 d5 2. Bf4 c5 3. e3 Nc6 4. c3 Bf5 5. Nf3 Nf6 6. Nbd2 Qb6 7. Nh4 Bd7 8. Qb3
c4 9. Qc2 Nh5 10. Bg3 Nxg3 11. hxg3 g5 12. Nhf3 g4 13. Nh4 Qc7 14. e4 e6 15. Be2
h5 16. exd5 exd5 17. Nf5 Ne7 18. Ne3 Bg7 19. b3 cxb3 20. Nxb3 b6 21. c4 Rc8 22.
Rc1 a5 23. Qd3 a4 24. cxd5 Qd6 25. Rxc8+ Bxc8 26. Nd2 Bd7 27. Qc4 Qf6 28. Nc2
Qd6 29. Nb4 Qf6 30. Ne4 Qxd4 31. Nd6+ Kf8 32. O-O Qxc4 33. Nxc4 b5 34. Nb6 Be8
35. d6 Nc6 36. d7 Bxd7 37. Nxd7+ Ke7 38. Nxc6+ Kxd7 39. Bxb5 Kc7 40. Ne7 1-0

[Event "40th World Junior Girls"]
[Site "Gandhinagar IND"]
[Date "2024.06.07"]
[Round "6.38"]
[White "Akshaya Sathi"]
[Black "Durga Karthika Lellapalli"]
[Result "1-0"]
[WhiteElo "1833"]
[BlackElo "1631"]
[WhiteFideId "25130340"]
[BlackFideId "25130889"]
[EventDate "2024.06.02"]

1. e4 e5 2. Nf3 Nc6 3. Bb5 a6 4. Ba4 Nf6 5. O-O b5 6. Bb3 Bb7 7. c3 Nxe4 8. d4
Be7 9. dxe5 O-O 10. Re1 Nc5 11. Bc2 d6 12. Bf4 dxe5 13. Nxe5 Qxd1 14. Rxd1 Bd6
15. Nd3 Ne4 16. Nd2 Nxd2 17. Rxd2 Bxf4 18. Nxf4 Rad8 19. Rad1 Rxd2 20. Rxd2 Rd8
21. Rxd8+ Nxd8 22. f3 g6 23. Kf2 Kg7 24. Ke3 c5 25. Be4 f5 26. Bxb7 Nxb7 27.
Ne6+ Kf6 28. Nc7 Ke7 29. Nxa6 Kd6 30. b4 Kc6 31. Nxc5 Nxc5 32. bxc5 Kxc5 33. Kd3
Kd5 34. f4 1-0

[Event "40th World Junior Girls"]
[Site "Gandhinagar IND"]
[Date "2024.06.07"]
[Round "6.39"]
[White "Brito Carrascal, Isabela"]
[Black "Cumacenko, Saule"]
[Result "1-0"]
[WhiteElo "1810"]
[BlackElo "1595"]
[WhiteFideId "4456122"]
[BlackFideId "12835560"]
[EventDate "2024.06.02"]

1. e4 e5 2. Nf3 Nf6 3. Nxe5 Nxe4 4. Qe2 Qe7 5. Qxe4 d6 6. d4 dxe5 7. dxe5 Nc6 8.
Nc3 Qxe5 9. Qxe5+ Nxe5 10. Nb5 Bd6 11. Nxd6+ cxd6 12. Bf4 Bf5 13. O-O-O Rc8 14.
c3 Ke7 15. Be2 Rhd8 16. Rhe1 f6 17. Bf3 b6 18. Bd5 Kf8 19. Bxe5 dxe5 20. f3 Rc5
21. Bb3 Rdc8 22. g4 Bg6 23. Rd7 a5 24. a4 b5 25. axb5 Rxb5 26. Be6 Rcb8 27. Re2
a4 28. Ra7 Be8 29. Bf5 g6 30. Be4 h6 31. Rxa4 Rxb2 32. Rxb2 Rxb2 33. Ra8 Rxh2
34. Bxg6 1-0

[Event "40th World Junior Girls"]
[Site "Gandhinagar IND"]
[Date "2024.06.07"]
[Round "6.40"]
[White "Kriti, Mayur Patel"]
[Black "Sasvatha A"]
[Result "1-0"]
[WhiteTitle "WCM"]
[BlackTitle "WCM"]
[WhiteElo "1691"]
[BlackElo "1825"]
[WhiteFideId "35061780"]
[BlackFideId "45010862"]
[EventDate "2024.06.02"]

1. e4 c5 2. c3 Nf6 3. e5 Nd5 4. d4 cxd4 5. Nf3 Nc6 6. Bc4 Nb6 7. Bb3 d6 8. exd6
Qxd6 9. O-O Be6 10. Na3 dxc3 11. Bxe6 Qxe6 12. Nb5 Qd7 13. Bf4 O-O-O 14. Qb3 Nd5
15. Ne5 Nxe5 16. Nxa7+ Kb8 17. Bxe5+ Kxa7 18. Qa3+ Kb6 19. bxc3 e6 20. Rab1+ Nb4
21. cxb4 Qb5 22. Qe3+ Kc6 23. Rbc1+ Kd7 24. Rfd1+ Ke8 25. Rxd8+ Kxd8 26. Qg5+
Kd7 27. Rc7+ Ke8 28. Rc8+ 1-0

[Event "40th World Junior Girls"]
[Site "Gandhinagar IND"]
[Date "2024.06.07"]
[Round "6.41"]
[White "Benito De Leo, Estefania"]
[Black "Asmita Avijit Ray"]
[Result "0-1"]
[WhiteElo "1900"]
[BlackElo "1692"]
[WhiteFideId "5135311"]
[BlackFideId "25786911"]
[EventDate "2024.06.02"]

1. e4 c6 2. d4 d5 3. exd5 cxd5 4. c4 Nf6 5. Nc3 e6 6. c5 Be7 7. Nf3 b6 8. b4 a5
9. Na4 Nbd7 10. Bb5 O-O 11. O-O axb4 12. c6 Nb8 13. Bf4 Ne8 14. Rc1 Bd6 15. Bxd6
Qxd6 16. Nxb6 Ra5 17. Nxc8 Qc7 18. Rc5 Qxc8 19. Ne5 Nc7 20. Qe2 Rxb5 21. Rxb5
Qa6 22. a4 bxa3 23. Rb2 axb2 24. Qxb2 Nxc6 25. Ra1 Rb8 26. Qc1 Nxd4 27. Rxa6
Ne2+ 28. Kf1 Nxc1 29. Rc6 Ne8 30. Rxc1 f6 31. Nc6 Ra8 32. Rb1 Nd6 33. Ke2 Kf7
34. Rb2 e5 35. Rd2 Ke6 36. Nb4 d4 37. Nd3 e4 38. Nc5+ Kd5 39. Nd7 d3+ 40. Ke3
Nc4+ 0-1

[Event "40th World Junior Girls"]
[Site "Gandhinagar IND"]
[Date "2024.06.07"]
[Round "6.42"]
[White "Hasini, Kamabathula"]
[Black "Radhika Sharma"]
[Result "0-1"]
[WhiteElo "1758"]
[BlackElo "1651"]
[WhiteFideId "25712837"]
[BlackFideId "33398666"]
[EventDate "2024.06.02"]

1. e4 e5 2. Nf3 Nf6 3. Nxe5 d6 4. Nf3 Nxe4 5. Nc3 Nxc3 6. dxc3 Be7 7. Bf4 Nc6 8.
Qd2 Be6 9. Bd3 h6 10. h4 Qd7 11. O-O-O a6 12. Kb1 O-O-O 13. Be2 Bf6 14. Nd4 Nxd4
15. cxd4 Rhe8 16. a3 Bf5 17. Be3 Re4 18. g3 Rde8 19. Bf3 R4e7 20. Bg2 Qa4 21.
Bh3 Bxh3 22. Rxh3 g5 23. hxg5 Bxg5 24. Bxg5 Re2 25. Qd3 hxg5 26. Qf5+ Kb8 27. b3
Qc6 28. Rc1 Qg2 29. Rhh1 Qxf2 30. Qxf2 Rxf2 31. Rhf1 Ree2 32. Kb2 Rxc2+ 33. Rxc2
Rxf1 34. Rc3 g4 35. Kc2 Kc8 0-1

[Event "40th World Junior Girls"]
[Site "Gandhinagar IND"]
[Date "2024.06.07"]
[Round "6.43"]
[White "Kirthika, B"]
[Black "Pranavasri S"]
[Result "1/2-1/2"]
[WhiteElo "1724"]
[BlackElo "1610"]
[WhiteFideId "25981323"]
[BlackFideId "33406758"]
[EventDate "2024.06.02"]

1. e4 c5 2. Nf3 d6 3. d4 cxd4 4. Nxd4 Nf6 5. Nc3 a6 6. Bg5 Nbd7 7. Bc4 Qb6 8.
Bb3 h6 9. Bxf6 Nxf6 10. Qd2 g6 11. O-O-O Bg7 12. h3 O-O 13. f4 Qc5 14. Rhe1 e5
15. Nf3 Nh5 16. f5 Kh7 17. g4 Nf4 18. Qxd6 Qxd6 19. Rxd6 f6 20. Ng1 h5 21. Nd5
Bh6 22. Kb1 Nxd5 23. Bxd5 Bd2 24. Rd1 Ba5 25. Bxb7 Bxb7 26. Rd7+ Kh6 27. Rxb7
gxf5 28. gxf5 Rfd8 29. Kc1 Rxd1+ 30. Kxd1 Rd8+ 31. Ke2 Rd2+ 32. Kf3 Rxc2 33. Ne2
Rd2 34. Rf7 Kg5 35. h4+ Kxh4 36. Rxf6 Rxb2 37. Rxa6 Bb6 38. f6 Rb1 39. Kg2 Rb2
40. Kf3 Rb1 41. f7 Rf1+ 42. Kg2 Rf2+ 43. Kg1 Bc5 44. Ra5 Bb6 45. Ra6 Be3 46. Ra3 1/2-1/2

[Event "40th World Junior Girls"]
[Site "Gandhinagar IND"]
[Date "2024.06.07"]
[Round "6.44"]
[White "Prakash Vaishnavi"]
[Black "Zarkym, Ailin"]
[Result "1/2-1/2"]
[WhiteElo "1632"]
[BlackElo "1721"]
[WhiteFideId "46660445"]
[BlackFideId "13753207"]
[EventDate "2024.06.02"]

1. e4 c5 2. Nf3 d6 3. Bb5+ Nd7 4. c4 a6 5. Bxd7+ Bxd7 6. Nc3 Nf6 7. d3 g6 8. h3
Bg7 9. O-O O-O 10. Be3 b5 11. Qc2 Qc7 12. Rab1 b4 13. Ne2 e5 14. Qd2 Ne8 15. Bh6
f5 16. Bxg7 Kxg7 17. Nh2 f4 18. f3 h5 19. Nc1 g5 20. g4 h4 21. Ne2 a5 22. Ra1
Qb6 23. b3 Nc7 24. a4 Ne6 1/2-1/2

[Event "40th World Junior Girls"]
[Site "Gandhinagar IND"]
[Date "2024.06.07"]
[Round "6.45"]
[White "Varshita Jain"]
[Black "Modipalli Deekshitha"]
[Result "1/2-1/2"]
[WhiteElo "1676"]
[BlackElo "1678"]
[WhiteFideId "25681907"]
[BlackFideId "33389454"]
[EventDate "2024.06.02"]

1. e4 e5 2. Nf3 Nc6 3. Bb5 a6 4. Ba4 Nf6 5. O-O d6 6. Re1 Bd7 7. c3 g6 8. d4 Bg7
9. Nbd2 b5 10. Bb3 O-O 11. Nf1 Bg4 12. Be3 Re8 13. h3 Bxf3 14. Qxf3 Na5 15. Bc2
Nc4 16. b3 Nxe3 17. Nxe3 Nd7 18. Rad1 b4 19. Nd5 a5 20. cxb4 exd4 21. b5 Ne5 22.
Qe2 c6 23. bxc6 Nxc6 24. Bd3 Nb4 25. Bc4 Nxd5 26. Bxd5 Rc8 27. Rc1 Qb6 28. Rc4
Rc5 29. Rxc5 Qxc5 30. Qc4 Qxc4 31. Bxc4 Rc8 32. Rc1 Kf8 1/2-1/2

[Event "40th World Junior Girls"]
[Site "Gandhinagar IND"]
[Date "2024.06.07"]
[Round "6.46"]
[White "Aashi Upadhyay"]
[Black "Fang, Kun"]
[Result "1/2-1/2"]
[BlackTitle "WCM"]
[WhiteElo "1653"]
[BlackElo "1803"]
[WhiteFideId "25620789"]
[BlackFideId "5819660"]
[EventDate "2024.06.02"]

1. e4 e5 2. Nf3 Nc6 3. d4 exd4 4. Bc4 Nf6 5. e5 d5 6. Bb5 Ne4 7. Nxd4 Bd7 8.
Bxc6 bxc6 9. O-O Bc5 10. Be3 Qe7 11. f3 Nd6 12. Bf2 Nf5 13. Nc3 O-O 14. Na4 Bb6
15. Nxb6 axb6 16. Nxf5 Bxf5 17. Re1 Ra4 18. c3 Raa8 19. Qd2 Rfe8 20. Qf4 Bg6 21.
Qh4 Qd7 22. Qf4 Re6 23. a3 Rae8 24. Bg3 c5 25. Rad1 c6 26. Qd2 Qe7 27. Qf2 Bf5
28. Bh4 g5 29. Bg3 h5 30. h4 Rg6 31. f4 g4 32. Ra1 Ra8 33. b4 Ra4 34. Qb2 c4 35.
Qf2 Qa7 36. Qb2 Kh7 37. Ra2 Rg8 38. Rea1 Qc7 39. Qd2 Qe7 40. Qd1 b5 41. Qd4 Qe6
42. Re1 Qg6 43. Qd2 Bb1 44. Rb2 Bd3 45. Ra2 Rga8 46. Rea1 Rd8 47. Qf2 Rd7 48.
Qd4 Bb1 49. Rb2 Bd3 50. Rba2 Rda7 51. Qf2 R7a6 52. Qd2 Ra8 53. Qf2 Qe6 54. Qd4
Qf5 55. Qf2 R4a7 56. Qc5 Qe6 57. Qf2 1/2-1/2

[Event "40th World Junior Girls"]
[Site "Gandhinagar IND"]
[Date "2024.06.07"]
[Round "6.47"]
[White "Prasiddhi Bhat"]
[Black "Banker Reya"]
[Result "1-0"]
[WhiteElo "1715"]
[BlackElo "1421"]
[WhiteFideId "25602217"]
[BlackFideId "25146491"]
[EventDate "2024.06.02"]

1. d4 Nf6 2. e3 g6 3. Nf3 Bg7 4. Bd3 O-O 5. O-O d6 6. b3 e5 7. Nbd2 c5 8. Bb2
cxd4 9. exd4 Nh5 10. Re1 Nc6 11. c3 Nf4 12. Bc2 Bg4 13. Ne4 exd4 14. cxd4 Bxf3
15. Qxf3 Bxd4 16. Bxd4 Nxd4 17. Qxf4 Nxc2 18. Rad1 Nxe1 19. Rxd6 f5 20. Rxd8
Rfxd8 21. Nd6 b6 22. h4 Rd7 23. Qc4+ Kg7 24. Qd4+ Kh6 25. Nxf5+ gxf5 26. Qf6+
Kh5 27. Qg5# 1-0

[Event "40th World Junior Girls"]
[Site "Gandhinagar IND"]
[Date "2024.06.07"]
[Round "6.48"]
[White "ANDHIN, tehjha Nidhi"]
[Black "Mishra Riya"]
[Result "0-1"]
[WhiteElo "1361"]
[BlackElo "1654"]
[WhiteFideId "9700510"]
[BlackFideId "35024868"]
[EventDate "2024.06.02"]

1. d4 d5 2. c4 c6 3. Nc3 Nf6 4. Nf3 e6 5. Bg5 Be7 6. e3 dxc4 7. a4 Qa5 8. Qd2 b5
9. Be2 b4 10. Nd1 Ne4 11. Qc1 Nxg5 12. Nxg5 Qxg5 13. O-O Ba6 14. b3 c3 15. Bxa6
Nxa6 16. f4 Qd5 17. Qc2 c5 18. Qd3 Nc7 19. e4 Qd7 20. d5 exd5 21. exd5 Qxd5 22.
Qxd5 Nxd5 23. a5 a6 24. g3 O-O-O 25. Re1 Bf6 26. Ne3 Nxe3 27. Rxe3 Bd4 0-1

[Event "40th World Junior Girls"]
[Site "Gandhinagar IND"]
[Date "2024.06.07"]
[Round "6.49"]
[White "Sagar, Siya"]
[Black "Asudani Ruhani Raj"]
[Result "1/2-1/2"]
[WhiteElo "1732"]
[BlackElo "1645"]
[WhiteFideId "25098160"]
[BlackFideId "25697463"]
[EventDate "2024.06.02"]

1. e4 c5 2. Nf3 Nc6 3. d4 cxd4 4. Nxd4 e5 5. Nb5 d6 6. N1c3 a6 7. Na3 Be7 8. Be3
Nf6 9. Nc4 b5 10. Nb6 Rb8 11. Nxc8 Qxc8 12. Bd3 O-O 13. O-O Rd8 14. Bg5 b4 15.
Bxf6 bxc3 16. Bxe7 cxb2 17. Bxd8 bxa1=Q 18. Qxa1 Nxd8 19. Rb1 Nc6 20. Rxb8 Nxb8
21. Qb2 Qc7 22. h3 h6 23. Qb3 a5 24. Bb5 Nd7 25. Bxd7 Qxd7 26. Kf1 Kf8 27. Ke2
Ke7 28. c4 Qc6 29. f3 Qc5 30. Qb7+ Kf6 31. Qd5 Qa3 32. Qd2 Ke7 33. Qc2 Qc5 34.
Kd3 g6 35. Qb2 f5 36. Qb7+ Kf6 37. Qb2 1/2-1/2

[Event "40th World Junior Girls"]
[Site "Gandhinagar IND"]
[Date "2024.06.09"]
[Round "7.1"]
[White "Mkrtchyan, Mariam"]
[Black "Divya, Deshmukh"]
[Result "1/2-1/2"]
[WhiteTitle "WIM"]
[BlackTitle "IM"]
[WhiteElo "2300"]
[BlackElo "2456"]
[WhiteFideId "13310828"]
[BlackFideId "35006916"]
[EventDate "2024.06.02"]

1. d4 d5 2. c4 c6 3. Nf3 Nf6 4. Nc3 e6 5. e3 Nbd7 6. Be2 Bd6 7. O-O O-O 8. b3 b6
9. Bb2 Bb7 10. Bd3 Re8 11. e4 dxe4 12. Nxe4 Nxe4 13. Bxe4 Nf6 14. Bc2 c5 15. Ne5
Qc7 16. Qe2 Rad8 17. Rad1 cxd4 18. Bxd4 Bc5 19. Bc3 a5 20. h3 Ba8 21. Kh2 b5 22.
f4 b4 23. Bb2 Rxd1 24. Rxd1 Rd8 25. Rxd8+ 1/2-1/2